00826 a2200193 45000010006000000050017000060080041000230030015000640400040000790800038001192450082001570200018002392640032002573000017002895050175003060410008004811000097004897000046005865732320260407155835.0260407a1989 arg spa dAR-UNSa-BCEJYS aAR-UNSa-BCEJYSbspacAR-UNSa-BCEJYS a336.71xBancos. Sistema bancario 10aConvención de bancos privados nacionalespdiscursos y documentos tècnicos a950-9109-84-3 1aBuenos Aires :bTesisc1989 a3 v.c22 cm. aVol. I: Flexibilización del mercado laboral y crecimiento económico -- Vol. II: Reforma fiscal y crecimiento económico -- Vol. III: Sistema financiero internacional aspa1 aConvención de Bancos Privados Nacionales (6º : 1988 ago. 29-31 : Buenos Aires, Argentina)1 aAsociación de Bancos Argentinos (ADEBA)